书目信息 |
| 题名: |
来自竞争的繁荣
|
|
| 作者: | 艾哈德 , Erhard 著 ;祝世康 著 | |
| 分册: | ||
| 出版信息: | 北京 商务印书馆 1983 |
|
| 页数: | 245页 | |
| 开本: | 19cm | |
| 丛书名: | ||
| 单 册: | ||
| 中图分类: | F091.352 | |
| 科图分类: | ||
| 主题词: | 新自由主义(经济学)--理论 | |
| 电子资源: | ||
| ISBN: | ||
| 000 | 00796nam0 2200265 45 | |
| 001 | 0183003002 | |
| 005 | 20061025153315.01 | |
| 010 | @dCNY1.05 | |
| 100 | @a19950727d1983 em y0chiy0121 ea | |
| 101 | 1 | @achi@ceng |
| 102 | @aCN@b110000 | |
| 105 | @ay z 000yy | |
| 200 | 10 | @a来自竞争的繁荣@Alai zi jing zheng de fan rong@f(德)路德维希·艾哈德(L.Erhard)著@g祝世康著 |
| 210 | @a北京@c商务印书馆@d1983 | |
| 215 | @a245页@d19cm | |
| 300 | @a书名原文:Prosperity through competition | |
| 510 | 1 | @aProsperity through Competition@zeng |
| 606 | @a新自由主义(经济学)@x理论 | |
| 690 | @aF091.352@v3 | |
| 701 | 1 | @a艾哈德@Aai ha de@bL.@4著 |
| 701 | A1 | @aErhard@bL.@4著 |
| 702 | 0 | @a祝世康@Azhu shi kang@4著 |
| 801 | 2 | @aCN@bNLC@c20061025 |
| 801 | 0 | @aCN@bTSSF |
| 905 | @a10447@dF091.352@e12 | |
| 来自竞争的繁荣/(德)路德维希·艾哈德(L.Erhard)著/祝世康著.-北京:商务印书馆,1983 |
| 245页;19cm |
| 书名原文:Prosperity through competition |
| ISBN :CNY1.05 |
| ● |
| 相关链接 |
|
|
|
|
正题名:来自竞争的繁荣
索取号:F091.352/12
 
预约/预借
| 序号 | 登录号 | 条形码 | 馆藏地/架位号 | 状态 | 备注 |
| 1 | 0090566 | 000194337 | 第一样本阅览室/ [索取号:F091.352/12] | 在馆 |